000 00968nas a2200229 a 4500
005 20170403100928.0
008 890418c19779999pe fr p r 0 0b0spa d
022 _a0252-886X
040 _ahm
_chm
_dCO-BoIAVH
041 0 _aspa
044 _ape
090 _aSE
245 0 0 _aAmazonia peruana /
_cCentro Amazónico de Antropología y Aplicación Práctica. Departamento de Documentación y Publicaciones.
260 _aLima (Perú) :
_bCentro Amazónico de Antropología y Aplicación Práctica,
_c1977- .
300 _bilustraciones ;
_c24 x 17 cm.
310 _af
650 2 6 _aPoblaciones indígenas
_zPerú
_vPublicaciones periódicas
650 2 6 _aPoblaciones indígenas
_xAmazonas
_xPerú
_vPublicaciones periódicas
651 0 _aPerú
_vPublicaciones periódicas
710 2 _aCentro Amazónico de Antropología y Aplicación Práctica
_bDepartamento de Documentación y Publicaciones
_cLima (Perú)
942 _2z
_cREVISTA
999 _c19456
_d19456